TB. OF BIOCHEMISTRY WITH BIOMEDICAL SIGNIFICANCE (Record no. 14020)

MARC details
000 -LEADER
fixed length control field 00332nam a22001457a 4500
003 - CONTROL NUMBER IDENTIFIER
control field SGT
082 ## - DEWEY DECIMAL CLASSIFICATION NUMBER
Classification number 612.015
Item number B15G
100 ## - MAIN ENTRY--PERSONAL NAME
Personal name GUPTA, PREM PRAKASH
245 ## - TITLE STATEMENT
Title TB. OF BIOCHEMISTRY WITH BIOMEDICAL SIGNIFICANCE
250 ## - EDITION STATEMENT
Edition statement 2ND
260 ## - PUBLICATION, DISTRIBUTION, ETC. (IMPRINT)
Place of publication, distribution, etc INDIA
Name of publisher, distributor, etc CBS
Year of Publication 2015
300 ## - PAGE DESCRIPTION
No. of Pages 883
650 ## - SUBJECT ADDED ENTRY--TOPICAL TERM
Topical term or geographic name as entry element BIOCHEMISTRY
942 ## - ADDED ENTRY ELEMENTS (KOHA)
Source of classification or shelving scheme Dewey Decimal Classification
Koha item type Books
942 ## - ADDED ENTRY ELEMENTS (KOHA)
-- 4
Holdings
Withdrawn status Lost status Source of classification or shelving scheme Damaged status Not for loan Collection code Home library Current library Shelving location Date acquired Vendor Name Cost, normal purchase price SGTU Bill Number Total Checkouts Full call number Accession No. (Barcode) Date last seen Date last borrowed Bill Date Koha item type
    Dewey Decimal Classification     MEDICAL SGT Medical Library SGT Medical Library Text Book 19/12/2017 ABC DELHI 595.00 SGTU 8923 10 612.015 B15G FM10096 26/08/2025 26/08/2025   Books
    Dewey Decimal Classification     MEDICAL SGT Medical Library SGT Medical Library Text Book 19/12/2017 ABC DELHI 595.00 SGTU 8923   612.015 B15G FM10097 19/12/2017     Books
    Dewey Decimal Classification     MEDICAL SGT Medical Library SGT Medical Library Text Book 19/12/2017 ABC DELHI 595.00 SGTU 8923 4 612.015 B15G FM10098 08/09/2025 25/08/2025   Books
    Dewey Decimal Classification     MEDICAL SGT Medical Library SGT Medical Library Text Book 19/12/2017 ABC DELHI 595.00 SGTU 8923 2 612.015 B15G FM10099 15/09/2025 01/09/2025   Books
    Dewey Decimal Classification     MEDICAL SGT Medical Library SGT Medical Library Text Book 19/12/2017 ABC DELHI 595.00 SGTU 8923 7 612.015 B15G FM10100 02/09/2025 11/08/2025   Books